000 00567nam a2200193 u 4500
001 000020353
005 20200929170400.0
008 100813s1987 sp 000 0 spa d
020 _a8476721110
040 _aDO-SdBNP
_bspa
_cBNPHU
082 _axxx
_bxxxx
100 1 _aVerne, Jules,
_d1828-1905.
_913574
245 1 0 _aHector Servadac /
_cJules Verne ; traducción de J. Coll de Nargó.
260 _aBarcelona :
_bEdicomunicación,
_c1987.
300 _a215 p. ;
_c21 cm.
490 1 _aAventura
700 1 2 _aNargó, J. Coll de
_943010
830 0 _aAventura
_943011
999 _c19857
_d19857